000 00416nam a2200169Ia 4500
001 23520
003 IN-NITTTR
005 20251114233304.0
008 251113s9999||||xx |||||||||||||| ||eng||
040 _beng
040 _cIN-NITTTR
041 _aeng
082 _a658.302 T851R
100 _aTurner, David
245 0 _aRole plays :
_b a sourcebook of activities for trainers /
_cTurner, David
942 _2ddc
_cBK
999 _c26149
_d26149